Subnational Movements in South Asia (Record no. 12169)

MARC details
000 -LEADER
fixed length control field 00586nam a2200229 a 4500
020 ## - INTERNATIONAL STANDARD BOOK NUMBER
ISBN 8185330
082 00 - DEWEY DECIMAL CLASSIFICATION NUMBER
Classification number 320.0954
Author Cutter MIT
100 ## - MAIN ENTRY--AUTHOR NAME
Author name Mitra, Subrata K
245 ## - TITLE STATEMENT
Title Subnational Movements in South Asia
260 ## - PUBLICATION, DISTRIBUTION, ETC. (IMPRINT)
Place of publication Delhi
Name of publisher Segment Books
Year of publication 1998
300 ## - PHYSICAL DESCRIPTION
Number of Pages 256p
500 ## - GENERAL NOTE
General note includes index and biblioraphy
505 2# - FORMATTED CONTENTS NOTE
Formatted contents note Themes in politics series
650 ## - SUBJECT ADDED ENTRY--TOPICAL TERM
Topical Term Asia-South-politics
942 ## - ADDED ENTRY ELEMENTS (KOHA)
Koha item type Books
Holdings
Collection code Home library Current library Date acquired Cost, normal purchase price Full call number Accession Number Koha item type
  Henry Martyn Institute Library Henry Martyn Institute Library 04/05/2007 795.00 320.0954 MIT 018161 Books
                   Copyright © 2026 | Henry Martyn Institute | Hyderabad | TS-500052 | INDIA | Implemented by hmi.edu.in
Hit-Count:

Powered by Koha